<?xml version="1.0" encoding="UTF-8"?>
<record
    xmlns:xsi="http://www.w3.org/2001/XMLSchema-instance"
    xsi:schemaLocation="http://www.loc.gov/MARC21/slim http://www.loc.gov/standards/marcxml/schema/MARC21slim.xsd"
    xmlns="http://www.loc.gov/MARC21/slim">

  <leader>03990nam a22003257a 4500</leader>
  <controlfield tag="003">NALT</controlfield>
  <controlfield tag="005">20260209141258.0</controlfield>
  <controlfield tag="008">230730b        th ||||| |||| 00| 0 tha d</controlfield>
  <datafield tag="020" ind1=" " ind2=" ">
    <subfield code="a">9786167739229</subfield>
  </datafield>
  <datafield tag="040" ind1=" " ind2=" ">
    <subfield code="a">NALT</subfield>
  </datafield>
  <datafield tag="041" ind1=" " ind2=" ">
    <subfield code="a">tha</subfield>
  </datafield>
  <datafield tag="090" ind1=" " ind2=" ">
    <subfield code="a">KF 25.1</subfield>
    <subfield code="b">&#xE04;181 2556</subfield>
  </datafield>
  <datafield tag="245" ind1="1" ind2="0">
    <subfield code="a">&#xE04;&#xE27;&#xE32;&#xE21;&#xE17;&#xE49;&#xE32;&#xE17;&#xE32;&#xE22;&#xE01;&#xE32;&#xE23;&#xE08;&#xE31;&#xE14;&#xE01;&#xE32;&#xE23;&#xE1C;&#xE25;&#xE1B;&#xE23;&#xE30;&#xE42;&#xE22;&#xE0A;&#xE19;&#xE4C;&#xE41;&#xE2B;&#xE48;&#xE07;&#xE0A;&#xE32;&#xE15;&#xE34;&#xE17;&#xE32;&#xE07;&#xE17;&#xE30;&#xE40;&#xE25;&#xE44;&#xE17;&#xE22;&#xE20;&#xE32;&#xE22;&#xE43;&#xE15;&#xE49;&#xE01;&#xE15;&#xE34;&#xE01;&#xE32;&#xE2A;&#xE32;&#xE01;&#xE25; /</subfield>
    <subfield code="c">&#xE2A;&#xE38;&#xE23;&#xE40;&#xE01;&#xE35;&#xE22;&#xE23;&#xE15;&#xE34; &#xE40;&#xE2A;&#xE16;&#xE35;&#xE22;&#xE23;&#xE44;&#xE17;&#xE22; &#x2026; [&#xE41;&#xE25;&#xE30;&#xE04;&#xE19;&#xE2D;&#xE37;&#xE48;&#xE19; &#xE46;].</subfield>
  </datafield>
  <datafield tag="250" ind1=" " ind2=" ">
    <subfield code="a">&#xE1E;&#xE34;&#xE21;&#xE1E;&#xE4C;&#xE04;&#xE23;&#xE31;&#xE49;&#xE07;&#xE17;&#xE35;&#xE48; 1.</subfield>
  </datafield>
  <datafield tag="260" ind1=" " ind2=" ">
    <subfield code="a">&#xE01;&#xE23;&#xE38;&#xE07;&#xE40;&#xE17;&#xE1E;&#xE2F; : </subfield>
    <subfield code="b">&#xE04;&#xE13;&#xE30;&#xE23;&#xE31;&#xE10;&#xE28;&#xE32;&#xE2A;&#xE15;&#xE23;&#xE4C; &#xE21;&#xE2B;&#xE32;&#xE27;&#xE34;&#xE17;&#xE22;&#xE32;&#xE25;&#xE31;&#xE22;&#xE18;&#xE23;&#xE23;&#xE21;&#xE28;&#xE32;&#xE2A;&#xE15;&#xE23;&#xE4C;, </subfield>
    <subfield code="c">2556.</subfield>
  </datafield>
  <datafield tag="300" ind1=" " ind2=" ">
    <subfield code="a">324 &#xE2B;&#xE19;&#xE49;&#xE32; :</subfield>
    <subfield code="b">&#xE20;&#xE32;&#xE1E;&#xE1B;&#xE23;&#xE30;&#xE01;&#xE2D;&#xE1A;,</subfield>
    <subfield code="c">21 &#xE0B;&#xE21;.</subfield>
  </datafield>
  <datafield tag="490" ind1=" " ind2="0">
    <subfield code="a">&#xE0A;&#xE38;&#xE14;&#xE42;&#xE04;&#xE23;&#xE07;&#xE01;&#xE32;&#xE23;&#xE22;&#xE38;&#xE17;&#xE18;&#xE28;&#xE32;&#xE2A;&#xE15;&#xE23;&#xE4C;&#xE01;&#xE32;&#xE23;&#xE08;&#xE31;&#xE14;&#xE01;&#xE32;&#xE23;&#xE1C;&#xE25;&#xE1B;&#xE23;&#xE30;&#xE42;&#xE22;&#xE0A;&#xE19;&#xE4C;&#xE41;&#xE2B;&#xE48;&#xE07;&#xE0A;&#xE32;&#xE15;&#xE34;&#xE17;&#xE32;&#xE07;&#xE17;&#xE30;&#xE40;&#xE25;.</subfield>
  </datafield>
  <datafield tag="505" ind1="0" ind2=" ">
    <subfield code="a">&#xE1A;&#xE17;&#xE19;&#xE33; -- &#xE2D;&#xE32;&#xE40;&#xE0B;&#xE35;&#xE22;&#xE19;&#xE41;&#xE25;&#xE30;&#xE01;&#xE32;&#xE23;&#xE17;&#xE49;&#xE32;&#xE17;&#xE32;&#xE22;&#xE1C;&#xE25;&#xE1B;&#xE23;&#xE30;&#xE42;&#xE22;&#xE0A;&#xE19;&#xE4C;&#xE41;&#xE2B;&#xE48;&#xE07;&#xE0A;&#xE32;&#xE15;&#xE34;&#xE17;&#xE32;&#xE07;&#xE17;&#xE30;&#xE40;&#xE25;&#xE44;&#xE17;&#xE22; / &#xE2A;&#xE38;&#xE23;&#xE40;&#xE01;&#xE35;&#xE22;&#xE23;&#xE15;&#xE34;&#xE4C; &#xE40;&#xE2A;&#xE16;&#xE35;&#xE22;&#xE23;&#xE44;&#xE17;&#xE22; -- &#xE40;&#xE28;&#xE23;&#xE29;&#xE10;&#xE01;&#xE34;&#xE08;&#xE17;&#xE32;&#xE07;&#xE17;&#xE30;&#xE40;&#xE25;&#xE02;&#xE2D;&#xE07;&#xE44;&#xE17;&#xE22; / &#xE18;&#xE32;&#xE19;&#xE34;&#xE19;&#xE17;&#xE23;&#xE4C; &#xE1C;&#xE30;&#xE40;&#xE2D;&#xE21;, &#xE19;&#xE34;&#xE2A;&#xE27;&#xE31;&#xE19;&#xE15;&#xE4C; &#xE1E;&#xE34;&#xE0A;&#xE0D;&#xE4C;&#xE14;&#xE33;&#xE23;&#xE07; -- &#xE23;&#xE30;&#xE1A;&#xE1A;&#xE42;&#xE25;&#xE08;&#xE34;&#xE2A;&#xE15;&#xE34;&#xE01;&#xE2A;&#xE4C;&#xE17;&#xE32;&#xE07;&#xE17;&#xE30;&#xE40;&#xE25;&#xE02;&#xE2D;&#xE07;&#xE44;&#xE17;&#xE22; / &#xE44;&#xE1E;&#xE23;&#xE20; &#xE23;&#xE31;&#xE15;&#xE19;&#xE0A;&#xE39;&#xE27;&#xE07;&#xE28;&#xE4C; -- &#xE2D;&#xE19;&#xE32;&#xE04;&#xE15;&#xE01;&#xE32;&#xE23;&#xE1B;&#xE23;&#xE30;&#xE21;&#xE07;&#xE17;&#xE30;&#xE40;&#xE25;&#xE02;&#xE2D;&#xE07;&#xE44;&#xE17;&#xE22;&#xE2B;&#xE25;&#xE31;&#xE07;&#xE01;&#xE32;&#xE23;&#xE43;&#xE2B;&#xE49;&#xE2A;&#xE31;&#xE15;&#xE22;&#xE32;&#xE1A;&#xE31;&#xE19;&#xE2D;&#xE19;&#xE38;&#xE2A;&#xE31;&#xE0D;&#xE0D;&#xE32;&#xE2A;&#xE2B;&#xE1B;&#xE23;&#xE30;&#xE0A;&#xE32;&#xE0A;&#xE32;&#xE15;&#xE34;&#xE27;&#xE48;&#xE32;&#xE14;&#xE49;&#xE27;&#xE22;&#xE01;&#xE0E;&#xE2B;&#xE21;&#xE32;&#xE22;&#xE17;&#xE30;&#xE40;&#xE25; &#xE04;.&#xE28;. 1982 / &#xE27;&#xE34;&#xE0A;&#xE32;&#xE0D; &#xE28;&#xE34;&#xE23;&#xE34;&#xE0A;&#xE31;&#xE22;&#xE40;&#xE2D;&#xE01;&#xE27;&#xE31;&#xE12;&#xE19;&#xE4C; -- &#xE2D;&#xE19;&#xE38;&#xE2A;&#xE31;&#xE0D;&#xE0D;&#xE32;&#xE2A;&#xE2B;&#xE1B;&#xE23;&#xE30;&#xE0A;&#xE32;&#xE0A;&#xE32;&#xE15;&#xE34;&#xE27;&#xE48;&#xE32;&#xE14;&#xE49;&#xE27;&#xE22;&#xE01;&#xE0E;&#xE2B;&#xE21;&#xE32;&#xE22;&#xE17;&#xE30;&#xE40;&#xE25; &#xE04;.&#xE28;. 1982 &#xE01;&#xE31;&#xE1A;&#xE01;&#xE32;&#xE23;&#xE2D;&#xE2D;&#xE01;&#xE01;&#xE0E;&#xE2B;&#xE21;&#xE32;&#xE22;&#xE23;&#xE2D;&#xE07;&#xE23;&#xE31;&#xE1A;&#xE02;&#xE2D;&#xE07;&#xE1B;&#xE23;&#xE30;&#xE40;&#xE17;&#xE28;&#xE44;&#xE17;&#xE22; / &#xE0A;&#xE38;&#xE21;&#xE1E;&#xE23; &#xE1B;&#xE31;&#xE08;&#xE08;&#xE38;&#xE2A;&#xE32;&#xE19;&#xE19;&#xE17;&#xE4C; -- &#xE0A;&#xE48;&#xE2D;&#xE07;&#xE27;&#xE48;&#xE32;&#xE07;&#xE17;&#xE32;&#xE07;&#xE19;&#xE42;&#xE22;&#xE1A;&#xE32;&#xE22;&#xE01;&#xE31;&#xE1A;&#xE01;&#xE32;&#xE23;&#xE08;&#xE31;&#xE14;&#xE01;&#xE32;&#xE23;&#xE1C;&#xE25;&#xE1B;&#xE23;&#xE30;&#xE42;&#xE22;&#xE0A;&#xE19;&#xE4C;&#xE41;&#xE2B;&#xE48;&#xE07;&#xE0A;&#xE32;&#xE15;&#xE34;&#xE17;&#xE32;&#xE07;&#xE17;&#xE30;&#xE40;&#xE25;&#xE02;&#xE2D;&#xE07;&#xE1B;&#xE23;&#xE30;&#xE40;&#xE17;&#xE28;&#xE44;&#xE17;&#xE22; / &#xE19;&#xE27;&#xE23;&#xE31;&#xE15;&#xE19;&#xE4C; &#xE44;&#xE01;&#xE23;&#xE1E;&#xE32;&#xE19;&#xE19;&#xE17;&#xE4C;, &#xE01;&#xE31;&#xE0D;&#xE15;&#xE34;&#xE22;&#xE32; &#xE2A;&#xE14;&#xE43;&#xE2A;, &#xE27;&#xE23;&#xE31;&#xE0A;&#xE22;&#xE32; &#xE2A;&#xE38;&#xE27;&#xE23;&#xE23;&#xE13;&#xE40;&#xE19;&#xE15;&#xE23; -- &#xE22;&#xE38;&#xE17;&#xE18;&#xE28;&#xE32;&#xE2A;&#xE15;&#xE23;&#xE4C;&#xE04;&#xE27;&#xE32;&#xE21;&#xE21;&#xE31;&#xE48;&#xE19;&#xE04;&#xE07;&#xE41;&#xE2B;&#xE48;&#xE07;&#xE0A;&#xE32;&#xE15;&#xE34;&#xE17;&#xE32;&#xE07;&#xE17;&#xE30;&#xE40;&#xE25; / &#xE1E;&#xE25;&#xE40;&#xE23;&#xE37;&#xE2D;&#xE15;&#xE23;&#xE35; &#xE08;&#xE38;&#xE21;&#xE1E;&#xE25; &#xE25;&#xE38;&#xE21;&#xE1E;&#xE34;&#xE01;&#xE32;&#xE19;&#xE19;&#xE17;&#xE4C; -- &#xE04;&#xE27;&#xE32;&#xE21;&#xE23;&#xE48;&#xE27;&#xE21;&#xE21;&#xE37;&#xE2D;&#xE43;&#xE19;&#xE2D;&#xE32;&#xE40;&#xE0B;&#xE35;&#xE22;&#xE19;&#xE14;&#xE49;&#xE32;&#xE19;&#xE40;&#xE17;&#xE04;&#xE42;&#xE19;&#xE42;&#xE25;&#xE22;&#xE35;&#xE01;&#xE32;&#xE23;&#xE17;&#xE33;&#xE1B;&#xE23;&#xE30;&#xE21;&#xE07; / &#xE27;&#xE23;&#xE27;&#xE34;&#xE17;&#xE22;&#xE4C; &#xE27;&#xE31;&#xE0D;&#xE0A;&#xE19;&#xE32; -- &#xE01;&#xE32;&#xE23;&#xE04;&#xE49;&#xE32;&#xE41;&#xE25;&#xE30;&#xE01;&#xE32;&#xE23;&#xE08;&#xE31;&#xE14;&#xE01;&#xE32;&#xE23;&#xE2A;&#xE34;&#xE48;&#xE07;&#xE41;&#xE27;&#xE14;&#xE25;&#xE49;&#xE2D;&#xE21;&#xE17;&#xE32;&#xE07;&#xE17;&#xE30;&#xE40;&#xE25; / &#xE2D;&#xE19;&#xE34;&#xE13; &#xE2D;&#xE23;&#xE38;&#xE13;&#xE40;&#xE23;&#xE37;&#xE2D;&#xE07;&#xE2A;&#xE27;&#xE31;&#xE2A;&#xE14;&#xE34;&#xE4C; -- &#xE1A;&#xE17;&#xE2A;&#xE23;&#xE38;&#xE1B;: &#xE04;&#xE27;&#xE32;&#xE21;&#xE17;&#xE49;&#xE32;&#xE17;&#xE32;&#xE22;&#xE01;&#xE32;&#xE23;&#xE1A;&#xE23;&#xE34;&#xE2B;&#xE32;&#xE23;&#xE08;&#xE31;&#xE14;&#xE01;&#xE32;&#xE23; / &#xE42;&#xE2A;&#xE20;&#xE32;&#xE23;&#xE31;&#xE15;&#xE19;&#xE4C; &#xE08;&#xE32;&#xE23;&#xE38;&#xE2A;&#xE21;&#xE1A;&#xE31;&#xE15;&#xE34;.</subfield>
  </datafield>
  <datafield tag="650" ind1=" " ind2="4">
    <subfield code="a">&#xE01;&#xE0E;&#xE2B;&#xE21;&#xE32;&#xE22;&#xE17;&#xE30;&#xE40;&#xE25;</subfield>
    <subfield code="9">1617</subfield>
  </datafield>
  <datafield tag="650" ind1=" " ind2="4">
    <subfield code="a">&#xE01;&#xE32;&#xE23;&#xE08;&#xE31;&#xE14;&#xE01;&#xE32;&#xE23;&#xE40;&#xE02;&#xE15;&#xE0A;&#xE32;&#xE22;&#xE1D;&#xE31;&#xE48;&#xE07;</subfield>
    <subfield code="z">&#xE44;&#xE17;&#xE22;</subfield>
    <subfield code="9">20977</subfield>
  </datafield>
  <datafield tag="650" ind1=" " ind2="0">
    <subfield code="a">&#xE17;&#xE23;&#xE31;&#xE1E;&#xE22;&#xE32;&#xE01;&#xE23;&#xE17;&#xE30;&#xE40;&#xE25;</subfield>
    <subfield code="x">&#xE01;&#xE32;&#xE23;&#xE08;&#xE31;&#xE14;&#xE01;&#xE32;&#xE23;</subfield>
    <subfield code="9">52857</subfield>
  </datafield>
  <datafield tag="650" ind1=" " ind2="4">
    <subfield code="a">&#xE17;&#xE30;&#xE40;&#xE25;&#xE2D;&#xE32;&#xE13;&#xE32;&#xE40;&#xE02;&#xE15;</subfield>
    <subfield code="z">&#xE44;&#xE17;&#xE22;</subfield>
    <subfield code="9">39436</subfield>
  </datafield>
  <datafield tag="650" ind1=" " ind2="4">
    <subfield code="a">&#xE1B;&#xE23;&#xE30;&#xE42;&#xE22;&#xE0A;&#xE19;&#xE4C;&#xE41;&#xE2B;&#xE48;&#xE07;&#xE0A;&#xE32;&#xE15;&#xE34;</subfield>
    <subfield code="x">&#xE17;&#xE30;&#xE40;&#xE25;</subfield>
    <subfield code="9">49157</subfield>
  </datafield>
  <datafield tag="700" ind1="0" ind2=" ">
    <subfield code="9">17142</subfield>
    <subfield code="a">&#xE2A;&#xE38;&#xE23;&#xE40;&#xE01;&#xE35;&#xE22;&#xE23;&#xE15;&#xE34;&#xE4C; &#xE40;&#xE2A;&#xE16;&#xE35;&#xE22;&#xE23;&#xE44;&#xE17;&#xE22;</subfield>
  </datafield>
  <datafield tag="710" ind1="2" ind2=" ">
    <subfield code="9">1886</subfield>
    <subfield code="a">&#xE2A;&#xE33;&#xE19;&#xE31;&#xE01;&#xE07;&#xE32;&#xE19;&#xE01;&#xE2D;&#xE07;&#xE17;&#xE38;&#xE19;&#xE2A;&#xE19;&#xE31;&#xE1A;&#xE2A;&#xE19;&#xE38;&#xE19;&#xE01;&#xE32;&#xE23;&#xE27;&#xE34;&#xE08;&#xE31;&#xE22; (&#xE2A;&#xE01;&#xE27;.).</subfield>
  </datafield>
  <datafield tag="850" ind1=" " ind2=" ">
    <subfield code="a">NALT</subfield>
  </datafield>
  <datafield tag="942" ind1=" " ind2=" ">
    <subfield code="c">LB</subfield>
    <subfield code="2">local</subfield>
  </datafield>
  <datafield tag="996" ind1=" " ind2=" ">
    <subfield code="a">phornvitoo</subfield>
    <subfield code="b">CATSTF	</subfield>
    <subfield code="c">2023-07-30</subfield>
  </datafield>
  <datafield tag="999" ind1=" " ind2=" ">
    <subfield code="c">102408</subfield>
    <subfield code="d">102408</subfield>
  </datafield>
  <datafield tag="998" ind1=" " ind2=" ">
    <subfield code="j">1020</subfield>
    <subfield code="k"> &#xE19;&#xE32;&#xE07;&#xE08;&#xE33;&#xE40;&#xE23;&#xE35;&#xE22;&#xE07;  &#xE23;&#xE30;&#xE27;&#xE31;&#xE07;&#xE2A;&#xE33;&#xE42;&#xE23;&#xE07;</subfield>
  </datafield>
  <datafield tag="952" ind1=" " ind2=" ">
    <subfield code="0">0</subfield>
    <subfield code="1">0</subfield>
    <subfield code="2">local</subfield>
    <subfield code="4">0</subfield>
    <subfield code="7">0</subfield>
    <subfield code="8">CSEN</subfield>
    <subfield code="a">NALT</subfield>
    <subfield code="b">NALT</subfield>
    <subfield code="c">LAW</subfield>
    <subfield code="d">2023-07-30</subfield>
    <subfield code="l">3</subfield>
    <subfield code="o">KF 25.1 &#xE04;181 2556</subfield>
    <subfield code="p">0100006803002</subfield>
    <subfield code="r">2024-12-23 00:00:00</subfield>
    <subfield code="s">2024-12-13</subfield>
    <subfield code="w">2023-07-30</subfield>
    <subfield code="y">LB</subfield>
  </datafield>
</record>
